Sid the science kid. Sid wings it! / The Jim ... Read More
Available copies
- 1 of 1 copy available at LARL/NWRL Consortium.
- 1 of 1 copy available at Northwest Regional Library. (Show preferred library)
Current holds
0 current holds with 1 total copy.
Show Only Available Copies
| Location | Call Number / Copy Notes | Barcode | Shelving Location | Status | Due Date |
|---|---|---|---|---|---|
| Roseau Public Library | DVD j SID (Text) | 35500005557085 | Main | Available | - |
Record details
- Physical Description: 1 videodisc (ca. 90 min.) : sd., col. ; 4 3/4 in.
- Publisher: [United States] : NCircle Entertainment, c2013.
Content descriptions
| General Note: | Originally broadcast as single episodes of a television program. |
| Formatted Contents Note: | Sid wings it -- The amazing computer science tool ... Read More |
| Summary, etc.: | Join Sid on his biggest adventure yet; learning ... Read More |
| System Details Note: | DVD. |
| Language Note: | English or Spanish dialogue. |
Search for related items by subject
| Subject: | Flight > Juvenile films. Birds > Juvenile films. School field trips > Juvenile films. DVDs. |
| Genre: | Children's television programs. Animated television programs. |
| LDR | 01897cgm a2200421Ia 4500 | ||
|---|---|---|---|
| 001 | 258374 | ||
| 003 | LARL_NWRL_CONSORTIUM | ||
| 005 | 20170620194453.0 | ||
| 007 | vd cvaizq | ||
| 008 | 130620s2013 xxu090 j vaeng d | ||
| 024 | 1 | . | ‡a843501006658 |
| 028 | 4 | 2. | ‡a100665 ‡bNCircle Entertainment |
| 035 | . | ‡a(OCoLC)849656856 | |
| 037 | . | ‡bMidwest Tape ‡nhttp://www.midwesttapes.com | |
| 040 | . | ‡aTEFMT ‡cTEFMT ‡dTEF ‡dOJ4 ‡dVP@ ‡dGZD | |
| 041 | 1 | . | ‡aeng ‡aspa ‡heng |
| 082 | 0 | 4. | ‡a791.45/75 ‡223 |
| 245 | 0 | 0. | ‡aSid the science kid. ‡pSid wings it! / ‡cThe Jim Henson Company, PBS Kids. |
| 246 | 1 | . | ‡iAt head of title ‡aJim Henson's |
| 246 | 3 | 0. | ‡aSid wings it! |
| 260 | . | ‡a[United States] : ‡bNCircle Entertainment, ‡cc2013. | |
| 300 | . | ‡a1 videodisc (ca. 90 min.) : ‡bsd., col. ; ‡c4 3/4 in. | |
| 538 | . | ‡aDVD. | |
| 546 | . | ‡aEnglish or Spanish dialogue. | |
| 500 | . | ‡aOriginally broadcast as single episodes of a television program. | |
| 520 | . | ‡aJoin Sid on his biggest adventure yet; learning how to fly like a bird! While at home, Sid creates cardboard wings hoping that once he wears them he can soar in the sky like birds do! Unfortunately, his flight plans don't work out. This calls for an investigation! Once at school, teacher Susie announces that the class is going on a special field trip to learn all about flight at the Science Center! | |
| 505 | 0 | 0. | ‡tSid wings it -- ‡tThe amazing computer science tool -- ‡tThe big cheese -- ‡tSid engineers a solution. |
| 650 | 0. | ‡aFlight ‡vJuvenile films. | |
| 650 | 0. | ‡aBirds ‡vJuvenile films. | |
| 650 | 0. | ‡aSchool field trips ‡vJuvenile films. | |
| 650 | 0. | ‡aDVDs. ‡0(LARL_NWRL_CONSORTIUM)41422 | |
| 655 | 7. | ‡aChildren's television programs. ‡2lcgft ‡0(LARL_NWRL_CONSORTIUM)175766 | |
| 655 | 7. | ‡aAnimated television programs. ‡2lcgft ‡0(LARL_NWRL_CONSORTIUM)175705 | |
| 710 | 2 | . | ‡aJim Henson Company. ‡0(LARL_NWRL_CONSORTIUM)156547 |
| 710 | 2 | . | ‡aPBS for Kids. ‡0(LARL_NWRL_CONSORTIUM)145094 |
| 710 | 2 | . | ‡aNCircle Entertainment. ‡0(LARL_NWRL_CONSORTIUM)213892 |
| 730 | 0 | . | ‡aSid the science kid (Television program) |
| 901 | . | ‡a258374 ‡b ‡c258374 ‡tbiblio | |

Add to basket
Permalink
Disable Highlighting